000 00947nam a2200265 a 4500
001 000044186
005 20201002045213.0
008 140605s2001 dr a r 000 0 spa d
020 _a9993430234
040 _aDO-SdBNP
_bspa
_cBNPHU
041 1 7 _aspa
_beng
082 _axxxxx
_bxxxxx
100 1 _aMueses, Danilo A.
_962046
245 1 4 _aLos sellos clásicos =
_bThe classic stamps /
_cDanilo A. Mueses.
246 3 1 _aThe classic stamps
260 _aSanto Domingo :
_bBanco Central de la República Dominicana,
_c2001.
300 _a240 p. :
_bil. ;
_c28 cm.
490 1 _aBanco Central de la República Dominicana
_v37
490 1 _aFilatelia y numismática
_v7
500 _aIncluye referencias bibliográficas y notas al pie de las páginas
504 _aBibliografías : p. 237-240
590 _aInventariado, 2018/BT
830 0 _aBanco Central de la República Dominicana
_n37
_972188
830 0 _aFilatelia y numismática
_n7
_972189
999 _c43675
_d43675